000 03040cgm a2200625Ia 4500
003 data
005 20260322212008.0
007 data
008 data
020 _a1415750254
020 _a9781415750254
024 1 0 _a097361197548
028 4 2 _a11975
_bDreamWorks Home Entertainment
037 _bMidwest Tape
_nhttp://www.midwesttapes.com
040 _aTEFMT
_cTEFMT
_dIA4
_dBTCTA
_dGK8
_dRNC
_dGK8
_dIA4
041 1 _aspa
_afre
_aspa
_heng
043 _an-us---
082 0 4 _a791.43/72
_222
090 _aDVD 620
245 1 0 _aMonsters vs aliens
_h[videorecording (DVD)] /
_cLisa Stewart ... [et al.].
260 _a[Glendale, CA] :
_bDreamWorks Home Entertainment,
_cc2009.
300 _a1 videodisc (94 min.) :
_bsd., col. ;
_c4 3/4 in.
500 _aSpecial features: Filmmakers' commentary; "Modern monster movie-making" featurette; "Tech of MVA" featurette; Deleted scenes; DreamWorks animation video jukebox; Trailers.
508 _aEditors, Joyce Arrastia, Eric Dapkewicz ; music, Henry Jackman ; production designer, David James ; head of character animation, David Burgess..
511 0 _aVoices: Reese Witherspoon, Seth Rogen, Hugh Laurie, Will Arnett, Kiefer Sutherland, Rainn Wilson, Stephen Colbert, Paul Rudd.
520 _aSusan Murphy gets turned into a giant monster on her wedding day when a meteorite from outer space hits her. She is taken to a secret government compound where she meets a ragtag group of monsters also rounded up over the years. As a last resort, under the guidance of General W.R. Monger, on a desperate order from The President, the motley group of Monsters are called into action to combat the aliens and save the world from imminent destruction.
521 8 _aMPAA rating: PG; for sci-fi action, some crude humor and mild language.
538 _aDVD, region 1, widescreen (2.35) presentation; Dolby Digital 5.1 surround, Dolby Digital 2.0 stereo.
546 _aEnglish (Dolby 5.1, Dolby 2.0), dubbed French (Dolby 5.1) or dubbed Spanish (Dolby 5.1) dialogue, English, French or Spanish subtitles; closed-captioned.
650 0 _aMonsters
_vDrama.
650 0 _aExtraterrestrial beings
_vDrama.
650 0 _aMilitary bases
_zUnited States
_vDrama.
650 0 _aGenerals
_zUnited States
_vDrama.
650 0 _aPresidents
_zUnited States
_vDrama.
650 0 _aBattles
_zUnited States
_vDrama.
650 0 _aAnimated films.
655 7 _aFantasy films.
_2gsafd.
655 7 _aScience fiction films.
_2gsafd.
700 1 _aStewart, Lisa.
700 1 _aLetterman, Rob.
700 1 _aVernon, Conrad.
700 1 _aForbes, Maya.
700 1 _aWitherspoon, Reese,
_d1976-
700 1 _aRogen, Seth,
_d1982-
700 1 _aLaurie, Hugh,
_d1959-
700 1 _aArnett, Will.
700 1 _aSutherland, Kiefer,
_d1966-
700 1 _aWilson, Rainn,
_d1968-
700 1 _aColbert, Stephen,
_d1964-
700 1 _aRudd, Paul.
710 2 _aDreamWorks Animation.
710 2 _aDreamWorks Home Entertainment (Firm)
730 0 _aMonsters vs. aliens (Motion picture)
001 data
999 _c149
_d149